| 000 | 02187nam0a2200337 4500 | ||
|---|---|---|---|
| 001 | RU\NLR\bibl\1148917 | ||
| 005 | 20260407170718.0 | ||
| 010 |
_a978-5-8057-0609-8 _9500 |
||
| 021 |
_aRU _b2007-66400 _93555 |
||
| 035 | _a(NLR Aleph) 001135726 | ||
| 090 |
_a1386025 _c1386025 |
||
| 100 | _a20071102d2007 |||y0rusy50 ca | ||
| 101 | 0 | _arus | |
| 102 | _aRU | ||
| 105 | _aa ||||||||| | ||
| 200 | 1 |
_aВерхняя Тура _eзавод и город. 270 лет _f[Петр Александрович Коновалов, Любовь Николаевна Александрова, Елена Михайловна Ведерникова, Алексей Викторович Иванников] _gпод общ. ред. П.А. Коновалова _gАдминистрация гор. округа Верхняя Тура, ФГУП "Верхнетур. машиностроит. з-д" |
|
| 210 |
_aЕкатеринбург _cИзд-во АМБ _d2007 |
||
| 215 |
_a400 с. _cил., цв. ил., портр., факс. _d25 |
||
| 300 | _aАвт. указаны на обороте тит. л. | ||
| 601 | 0 | 2 |
_a"Верхнетуринский машиностроительный завод", федеральное государственное унитарное предприятие _92496499 _3RU\NLR\auth\661480943 |
| 686 | _aУ30(2)585.110.92(2Р-4Св-2) | ||
| 701 | 1 |
_aКоновалов _bП. А. _gПетр Александрович _4070 |
|
| 701 | 1 |
_4070 _8rus _7ca _aАлександрова _bЛ. Н. _cбиблиотекарь _gЛюбовь Николаевна _3RU\NLR\auth\7759297 _942229 |
|
| 701 | 1 |
_aВедерникова _bЕ. М. _gЕлена Михайловна _4070 |
|
| 701 | 1 |
_aИванников _bА. В. _gАлексей Викторович _4070 |
|
| 712 | 0 | 2 |
_4570 _a"Верхнетуринский машиностроительный завод", федеральное государственное унитарное предприятие _3RU\NLR\AUTH\8810106742 _9713687 |
| 801 | 0 |
_aRU _bNLR _c20071102 _gRCR |
|
| 801 | 1 |
_aRU _bNLR _c20071102 |
|
| 942 | _cBOOK | ||
| 980 | _aNB | ||